| 000 | 00811 a2200217 4500 | ||
|---|---|---|---|
| 005 | 20081008144231.0 | ||
| 008 | 080822t xxu||||| |||| 00| 0 eng d | ||
| 010 | _aENG-85123 | ||
| 020 |
_a8131300048 _c995.00 |
||
| 035 | _aEN-68656 | ||
| 037 | _bD.B.Act / Pub | ||
| 082 | _a576 | ||
| 100 | _aRajvaidya, Neelima | ||
| 245 |
_aMicrobiology _cbyNeelima Rajvaidya and Dilip Kumar Markandey |
||
| 260 |
_aNew Delhi _bAPH Publishing Corporatioon _c2007 |
||
| 270 |
_a5, Ansari Road, Darya Ganj _bNew Delhi _e110 002 _maphbooks@vsnl.net _k011 23274050 |
||
| 300 |
_axii,633p. _b22cm. (Hb) |
||
| 700 | _aMarkandey, Dilip Kumar | ||
| 942 |
_adpl _cEN _k576 / RAJ _2ddc _h576 _mRAJ |
||
| 999 |
_c1413 _d1413 |
||